| 000 | 01153nam0a22002651 4500 | ||
|---|---|---|---|
| 001 | rc\4284200 | ||
| 005 | 20260406193510.0 | ||
| 021 |
_aRU _bРг4018-62 |
||
| 035 | _a(NLR Aleph) 008248104 | ||
| 090 |
_a8318402 _c8318402 |
||
| 100 | _a20130416d1962 |||y0rusy50 ca | ||
| 101 | 0 | _arus | |
| 102 | _aRU | ||
| 105 | _ay z ||||| | ||
| 200 | 1 |
_aМетодическое пособие по диалектическому и историческому материализму _fАкад. наук Узбек. ССР. Кафедра философии |
|
| 210 |
_aТашкент _cБ. и. _d1962 |
||
| 215 |
_a51 с. _d21 |
||
| 300 | _a3-е изд. вышло под загл.: История философии, диалектический и исторический материализм | ||
| 517 | 0 | _aИстория философии, диалектический и исторический материализм | |
| 710 | 0 | 2 |
_aАН УзССР _cТашкент _bКафедра философии _3RU\NLR\AUTH\889956264 _9408643 |
| 801 | 0 |
_aRU _bNLR _gpsbo |
|
| 801 | 1 |
_aRU _bELAR _2rusmarc |
|
| 852 |
_aNLR _j62-6/5820 |
||
| 942 | _cBOOK | ||
| 980 | _aNB | ||